[Event "Plunge op-A 39th"]
[Site "Plateliai"]
[Date "2019.07.18"]
[Round "6"]
[White "Aleknavicius, Andrius"]
[Black "Malinin, Yuri"]
[Result "1/2-1/2"]
[WhiteElo "1777"]
[BlackElo "2182"]
[PlyCount "171"]
[EventDate "2019.07.15"]
[EventType "swiss"]
[EventRounds "9"]
[EventCountry "LTU"]
[SourceTitle "CBM 191 Extra"]
[Source "ChessBase"]
[SourceDate "2019.09.30"]
[SourceVersion "1"]
[SourceVersionDate "2019.09.30"]
[SourceQuality "1"]

1. d4 g6 2. Nc3 Bg7 3. e4 d6 4. Be3 a6 5. Qd2 Nd7 6. 0-0-0 b5 7. Kb1 Bb7 8. f3 Nb6 9. Bd3 e6 10. h4 h6 11. Nh3 Ne7 12. g4 Qd7 13. Qf2 b4 14. Ne2 a5 15. Nc1 Ba6 16. f4 Bxd3 17. Rxd3 h5 18. gxh5 Rxh5 19. Ng1 Qc6 20. Qf3 d5 21. e5 Nf5 22. Bf2 Bf8 23. Nge2 Nc8 24. Nb3 Qb5 25. Nc5 Bxc5 26. dxc5 Nce7 27. c3 Nc6 28. Nd4 Ncxd4 29. cxd4 Kd7 30. Qd1 Ne7 31. Rdh3 Rah8 32. Qd3 Kc6 33. Qxb5+ Kxb5 34. Kc2 Nc6 35. Be3 Kc4 36. b3+ Kb5 37. Kb2 Ra8 38. Ra1 a4 39. Bf2 Ra7 40. a3 Rh8 41. axb4 Rha8 42. h5 gxh5 43. Rxh5 Nxb4 44. Rh3 axb3 45. Rxa7 Rxa7 46. Kxb3 Nc6 47. Rh7 Na5+ 48. Kc2 Nc4 49. Kd1 c6 50. Ke2 Kb4 51. Kf3 Nd2+ 52. Kg2 Ne4 53. Be3 Kc4 54. Kf3 Nc3 55. f5 Nb5 56. fxe6 fxe6 57. Rxa7 Nxa7 58. Kf4 Nb5 59. Kg5 Nxd4 60. Bxd4 Kxd4 61. Kf6 Kxc5 62. Kxe6 d4 63. Kf5 d3 64. e6 Kd6 65. Kf6 d2 66. e7 d1Q 67. e8Q Qf3+ 68. Kg5 Qd5+ 69. Kf4 Kc5 70. Ke3 Kc4 71. Ke2 Kc3 72. Qh8+ Qd4 73. Qh3+ Kb2 74. Qc8 Qc4+ 75. Kd2 c5 76. Qh8+ Kb3 77. Qh3+ Kb4 78. Qf5 Qc3+ 79. Kd1 c4 80. Qf8+ Kb3 81. Qb8+ Ka2 82. Qa8+ Kb2 83. Qg2+ Kb1 84. Qe4+ Ka2 85. Qa8+ Qa3 86. Qxa3+ 1/2-1/2

[Event "Panevezys op-A"]
[Site "Panevezys"]
[Date "2019.06.26"]
[Round "4"]
[White "Malinin, Yuri"]
[Black "Barsciauskas, Gintautas"]
[Result "1-0"]
[WhiteElo "2186"]
[BlackElo "1567"]
[PlyCount "48"]
[EventDate "2019.06.24"]
[EventType "swiss"]
[EventRounds "9"]
[EventCountry "LTU"]
[SourceTitle "CBM 191 Extra"]
[Source "ChessBase"]
[SourceDate "2019.09.30"]
[SourceVersion "1"]
[SourceVersionDate "2019.09.30"]
[SourceQuality "1"]

1. Nf3 Nf6 2. c4 e6 3. Nc3 d5 4. d4 c6 5. Bg5 Nbd7 6. e3 Bb4 7. cxd5 exd5 8. Bd3 Qa5 9. Qc2 h6 10. Bh4 0-0 11. 0-0 Re8 12. a3 Bd6 13. b4 Qc7 14. Rfc1 a6 15. Rab1 Qd8 16. a4 g5 17. Bg3 Bxg3 18. hxg3 Qe7 19. b5 axb5 20. axb5 Ne4 21. bxc6 bxc6 22. Na2 c5 23. dxc5 Nexc5 24. Nb4 Bb7 1-0

[Event "Vilnius Zavanelli Memorial op-A"]
[Site "Vilnius"]
[Date "2018.10.26"]
[Round "7"]
[White "Sarbay, Alexander"]
[Black "Malinin, Yuri"]
[Result "1/2-1/2"]
[WhiteElo "2115"]
[BlackElo "2172"]
[PlyCount "57"]
[EventDate "2018.10.22"]
[EventType "swiss"]
[EventRounds "9"]
[EventCountry "LTU"]
[SourceTitle "CBM 187 Extra"]
[Source "ChessBase"]
[SourceDate "2018.11.04"]
[SourceVersion "1"]
[SourceVersionDate "2018.11.04"]
[SourceQuality "1"]

1. e4 g6 2. d4 Bg7 3. Nc3 d6 4. Be2 a6 5. Nf3 Nd7 6. 0-0 b5 7. a3 Bb7 8. Re1 c5 9. d5 Ngf6 10. Bf1 0-0 11. h3 Nb6 12. Bf4 b4 13. axb4 cxb4 14. Na4 Nfd7 15. Be3 Nxa4 16. Rxa4 a5 17. Bd4 Bxd4 18. Qxd4 Qc7 19. Bb5 Nb6 20. Ra2 Ra7 21. Rea1 Rfa8 22. b3 Nd7 23. Bxd7 Qxd7 24. c3 bxc3 25. Qxc3 Qb5 26. Qe3 Kg7 27. Qc3+ Kg8 28. Qe3 Kg7 29. Qc3+ 1/2-1/2

[Event "Vilnius Zavanelli Memorial op-A"]
[Site "Vilnius"]
[Date "2018.10.23"]
[Round "3"]
[White "Lahav, Michal"]
[Black "Malinin, Yuri"]
[Result "1-0"]
[WhiteElo "2151"]
[BlackElo "2172"]
[PlyCount "71"]
[EventDate "2018.10.22"]
[EventType "swiss"]
[EventRounds "9"]
[EventCountry "LTU"]
[SourceTitle "CBM 187 Extra"]
[Source "ChessBase"]
[SourceDate "2018.11.04"]
[SourceVersion "1"]
[SourceVersionDate "2018.11.04"]
[SourceQuality "1"]

1. e4 c5 2. Nf3 e6 3. d4 cxd4 4. Nxd4 Nf6 5. Nc3 d6 6. Be2 a6 7. a4 Nbd7 8. 0-0 b6 9. f4 Bb7 10. Bf3 Rc8 11. Qe1 e5 12. Nde2 Be7 13. Be3 Rc4 14. Ng3 g6 15. fxe5 dxe5 16. Rd1 h5 17. Nd5 h4 18. Nxb6 Rxc2 19. Nxd7 Nxd7 20. Ne2 Qc7 21. Rc1 0-0 22. Nc3 Rxc1 23. Qxc1 Bc5 24. Kh1 Bxe3 25. Qxe3 Kg7 26. Qf2 h3 27. gxh3 Nf6 28. h4 Rh8 29. h5 Nxh5 30. Bxh5 Rxh5 31. Qf6+ Kf8 32. Qxg6 Qc4 33. Rf2 Rh3 34. Qd6+ Kg8 35. Rg2+ Kh7 36. Qf6 1-0

[Event "Vilnius Zavanelli Memorial op-A"]
[Site "Vilnius"]
[Date "2018.10.23"]
[Round "2"]
[White "Malinin, Yuri"]
[Black "Praczukowski, Stanislaw"]
[Result "1-0"]
[WhiteElo "2172"]
[BlackElo "2140"]
[PlyCount "69"]
[EventDate "2018.10.22"]
[EventType "swiss"]
[EventRounds "9"]
[EventCountry "LTU"]
[SourceTitle "CBM 187 Extra"]
[Source "ChessBase"]
[SourceDate "2018.11.04"]
[SourceVersion "1"]
[SourceVersionDate "2018.11.04"]
[SourceQuality "1"]

1. d4 Nf6 2. c4 e6 3. Nc3 Bb4 4. e3 0-0 5. Nge2 Re8 6. a3 Bf8 7. Ng3 d5 8. Be2 b6 9. 0-0 Ba6 10. b3 Nbd7 11. Bb2 c5 12. cxd5 Bxe2 13. Ngxe2 cxd4 14. Qxd4 Nc5 15. dxe6 Rxe6 16. Qxd8 Rxd8 17. Nd4 Ree8 18. Rfd1 g6 19. b4 Nce4 20. Nxe4 Nxe4 21. Nc6 Rd2 22. Rxd2 Nxd2 23. Nxa7 Rd8 24. Bc3 Nc4 25. Bd4 Bg7 26. Nc6 Rd6 27. b5 f5 28. a4 Bxd4 29. exd4 Re6 30. h3 Re2 31. Rc1 Nd2 32. Ne5 Ne4 33. d5 Rd2 34. Nc4 Rxd5 35. Nxb6 1-0

[Event "Sochi ChessAmateur op10"]
[Site "Sochi"]
[Date "2018.10.17"]
[Round "8"]
[White "Shalygin, Andreij"]
[Black "Malinin, Yuri"]
[Result "0-1"]
[WhiteElo "2311"]
[BlackElo "2172"]
[PlyCount "35"]
[EventDate "2018.10.12"]
[EventType "swiss"]
[EventRounds "9"]
[EventCountry "RUS"]
[SourceTitle "CBM 187 Extra"]
[Source "ChessBase"]
[SourceDate "2018.11.04"]
[SourceVersion "1"]
[SourceVersionDate "2018.11.04"]
[SourceQuality "1"]

1. e4 c5 2. c3 d5 3. exd5 Qxd5 4. d4 Nc6 5. Nf3 Bf5 6. Be2 cxd4 7. cxd4 Bxb1 8. Rxb1 e6 9. 0-0 Bd6 10. b4 Nf6 11. Qa4 0-0 12. b5 Ne7 13. Rb3 Rfd8 14. Re1 Nd7 15. Ng5 Nb8 16. Qa5 Nbc6 17. Qd2 Nxd4 18. Rh3 0-1

[Event "Sochi ChessAmateur op10"]
[Site "Sochi"]
[Date "2018.10.14"]
[Round "4"]
[White "Malinin, Yuri"]
[Black "Sysolyatin, Evgeny Valerievich"]
[Result "1/2-1/2"]
[WhiteElo "2172"]
[BlackElo "2315"]
[PlyCount "60"]
[EventDate "2018.10.12"]
[EventType "swiss"]
[EventRounds "9"]
[EventCountry "RUS"]
[SourceTitle "CBM 187 Extra"]
[Source "ChessBase"]
[SourceDate "2018.11.04"]
[SourceVersion "1"]
[SourceVersionDate "2018.11.04"]
[SourceQuality "1"]

1. d4 d5 2. c4 c6 3. Nc3 Nf6 4. e3 g6 5. Nf3 Bg7 6. Be2 0-0 7. 0-0 Bg4 8. cxd5 Nxd5 9. Bd2 c5 10. Qb3 Nxc3 11. Bxc3 cxd4 12. Nxd4 Bxe2 13. Nxe2 Bxc3 14. Nxc3 Qc8 15. Rac1 Nc6 16. Nd5 Qe6 17. Rfd1 Rad8 18. Qxb7 Rxd5 19. Rxd5 Qxd5 20. Qxc6 Qxa2 21. Qb7 a5 22. h3 e6 23. Rc7 Qb1+ 24. Kh2 Qf5 25. f4 Qd3 26. Rc3 Qd6 27. Qb5 Rb8 28. Qxa5 Rxb2 29. Qe5 Qd8 30. Rc7 Rb8 1/2-1/2

[Event "Sochi ChessAmateur op10"]
[Site "Sochi"]
[Date "2018.10.13"]
[Round "2"]
[White "Malinin, Yuri"]
[Black "Sichinava, Zviad"]
[Result "1-0"]
[WhiteElo "2172"]
[BlackElo "2288"]
[PlyCount "62"]
[EventDate "2018.10.12"]
[EventType "swiss"]
[EventRounds "9"]
[EventCountry "RUS"]
[SourceTitle "CBM 187 Extra"]
[Source "ChessBase"]
[SourceDate "2018.11.04"]
[SourceVersion "1"]
[SourceVersionDate "2018.11.04"]
[SourceQuality "1"]

1. Nf3 d5 2. d4 Nf6 3. c4 e6 4. Nc3 Be7 5. Bg5 0-0 6. e3 h6 7. Bh4 c6 8. Rc1 Nbd7 9. Bd3 a6 10. cxd5 exd5 11. Qc2 Re8 12. 0-0 Ne4 13. Bxe7 Qxe7 14. a3 Ndf6 15. Ne5 Nd6 16. b4 Nfe4 17. Na4 f6 18. Ng6 Qf7 19. Nf4 g5 20. Ne2 f5 21. Rce1 Rf8 22. Nc5 b6 23. Nb3 Nc4 24. Bxc4 dxc4 25. Nd2 Nd6 26. Nf3 Be6 27. Ne5 Qc7 28. Nc3 c5 29. bxc5 bxc5 30. d5 Bd7 31. f4 Rab8 1-0

[Event "Klaipeda Sea op-A 15th"]
[Site "Klaipeda"]
[Date "2018.07.28"]
[Round "6"]
[White "Kozhakin, Michail"]
[Black "Malinin, Yuri"]
[Result "0-1"]
[WhiteElo "1283"]
[BlackElo "2176"]
[PlyCount "44"]
[EventDate "2018.07.23"]
[EventType "swiss"]
[EventRounds "7"]
[EventCountry "LTU"]
[SourceTitle "CBM 186 Extra"]
[Source "ChessBase"]
[SourceDate "2018.08.24"]
[SourceVersion "1"]
[SourceVersionDate "2018.08.24"]
[SourceQuality "1"]

1. c4 c5 2. Nc3 Nc6 3. g3 g6 4. Bg2 Bg7 5. Nf3 e6 6. e3 Nge7 7. 0-0 d5 8. cxd5 exd5 9. d4 c4 10. b3 cxb3 11. Qxb3 Na5 12. Qb4 Nec6 13. Qc5 Be6 14. Nd2 Rc8 15. Bb2 Nxd4 16. Qxa7 Rxc3 17. Bxc3 Ne2+ 18. Kh1 Nxc3 19. Rfe1 0-0 20. a3 Qc7 21. Rac1 Nc6 22. Qc5 b6 0-1

[Event "Klaipeda Sea op-A 15th"]
[Site "Klaipeda"]
[Date "2018.07.27"]
[Round "5"]
[White "Malinin, Yuri"]
[Black "Eigminas, Kipras"]
[Result "0-1"]
[WhiteElo "2176"]
[BlackElo "1958"]
[PlyCount "120"]
[EventDate "2018.07.23"]
[EventType "swiss"]
[EventRounds "7"]
[EventCountry "LTU"]
[SourceTitle "CBM 186 Extra"]
[Source "ChessBase"]
[SourceDate "2018.08.24"]
[SourceVersion "1"]
[SourceVersionDate "2018.08.24"]
[SourceQuality "1"]

1. Nf3 Nf6 2. c4 g6 3. Nc3 Bg7 4. e4 d6 5. d4 0-0 6. h3 Nbd7 7. Be3 e5 8. d5 Qe7 9. g4 c6 10. Nd2 a5 11. a3 c5 12. Be2 Ne8 13. Nf1 b6 14. Ng3 Nc7 15. h4 Ba6 16. Bd3 Rab8 17. Qe2 f6 18. 0-0-0 Kf7 19. g5 Ke8 20. Rdg1 Kd8 21. Kc2 Ne8 22. Kb1 Kc7 23. Bc2 Rd8 24. Ba4 f5 25. Bd2 Kb8 26. exf5 gxf5 27. Bc2 e4 28. f4 Nc7 29. Rd1 Qf7 30. h5 h6 31. g6 Qg8 32. Rh2 Bd4 33. Bb3 Bc8 34. Na4 Na8 35. Qe1 Qg7 36. Ne2 Nf6 37. Bc2 Ng4 38. Rh3 e3 39. Bc3 Bxc3 40. Naxc3 Nf2 41. Rxe3 Nxd1 42. Nxd1 Nc7 43. Qd2 Ne8 44. Ng3 Qc7 45. Qe2 Ng7 46. Ba4 Bd7 47. Re7 Rfe8 48. Bxd7 Rxe7 49. Qxe7 Rxd7 50. Qf6 Qd8 51. Qxd8+ Rxd8 52. Ne3 Rf8 53. Kc2 Kc7 54. Kb3 Kb7 55. Ka4 Ka6 56. b3 Kb7 57. Kb5 a4 58. b4 Ra8 59. Nexf5 Ne8 60. bxc5 dxc5 0-1

[Event "Klaipeda Sea op-A 15th"]
[Site "Klaipeda"]
[Date "2018.07.26"]
[Round "4"]
[White "Sibajeva, Marija"]
[Black "Malinin, Yuri"]
[Result "1-0"]
[WhiteElo "1941"]
[BlackElo "2176"]
[PlyCount "80"]
[EventDate "2018.07.23"]
[EventType "swiss"]
[EventRounds "7"]
[EventCountry "LTU"]
[SourceTitle "CBM 186 Extra"]
[Source "ChessBase"]
[SourceDate "2018.08.24"]
[SourceVersion "1"]
[SourceVersionDate "2018.08.24"]
[SourceQuality "1"]

1. e4 c5 2. Nf3 e6 3. d4 cxd4 4. Nxd4 Nf6 5. Nc3 d6 6. Be2 a6 7. a4 Nbd7 8. 0-0 b6 9. f4 Bb7 10. Bf3 Rc8 11. Kh1 Qc7 12. Qe1 h5 13. h3 g6 14. e5 Bxf3 15. Rxf3 dxe5 16. fxe5 Ng4 17. Bf4 Bg7 18. Ndb5 axb5 19. Nxb5 Qb8 20. Nd6+ Ke7 21. Nxc8+ Qxc8 22. Rc3 Qb8 23. hxg4 hxg4+ 24. Kg1 Bxe5 25. Bxe5 Nxe5 26. Qg3 Rh5 27. Rd1 Qh8 28. Rc7+ Kf6 29. Rf1+ Kg7 30. Qc3 Rh1+ 31. Kf2 Qh4+ 32. Ke2 Rxf1 33. Kxf1 Qg5 34. Qd4 Kh6 35. Rc3 Qc1+ 36. Ke2 f6 37. Qe3+ Qxe3+ 38. Rxe3 Kg5 39. Rxe5+ fxe5 40. g3 Kf6 1-0

[Event "Plunge op-A 38th"]
[Site "Plateliai"]
[Date "2018.07.20"]
[Round "7"]
[White "Malinin, Yuri"]
[Black "Klabis, Rokas"]
[Result "0-1"]
[WhiteElo "2176"]
[BlackElo "2347"]
[PlyCount "104"]
[EventDate "2018.07.16"]
[EventType "swiss"]
[EventRounds "9"]
[EventCountry "LTU"]
[SourceTitle "EXT 2019"]
[Source "ChessBase"]
[SourceDate "2018.10.10"]
[SourceVersion "1"]
[SourceVersionDate "2018.10.10"]
[SourceQuality "1"]

1. Nf3 Nf6 2. c4 e6 3. Nc3 b6 4. a3 Bb7 5. d4 Ne4 6. Nxe4 Bxe4 7. Nd2 Bg6 8. e3 a5 9. b3 Be7 10. Bb2 d6 11. Be2 Nd7 12. Bf3 Ra7 13. b4 0-0 14. b5 f5 15. 0-0 Nf6 16. a4 Qe8 17. Bc6 Qf7 18. Rc1 Bh5 19. Qc2 Qg6 20. Rce1 Qh6 21. e4 Bg6 22. exf5 Bxf5 23. Qc3 d5 24. c5 Qg6 25. Re3 Nh5 26. f4 Nf6 27. Rg3 Qh6 28. Bc1 Qh5 29. Re1 h6 30. Rge3 Rd8 31. Rxe6 Bxe6 32. Rxe6 Qd1+ 33. Nf1 Bf8 34. Re1 Qxa4 35. Ba3 Qc4 36. Qe3 Ne4 37. Rc1 Qa2 38. Ng3 Qd2 39. Re1 Qxe3+ 40. Rxe3 Nd2 41. Re5 Nb1 42. Rxd5 Rxd5 43. Bxd5+ Kh8 44. Bb2 bxc5 45. Ne4 c4 46. Bxc4 a4 47. Ba1 Bb4 48. Bd3 Nd2 49. Nxd2 Bxd2 50. f5 a3 51. f6 gxf6 52. d5 Kg7 0-1

[Event "Plunge op-A 38th"]
[Site "Plateliai"]
[Date "2018.07.19"]
[Round "6"]
[White "Pultinevicius, Paulius"]
[Black "Malinin, Yuri"]
[Result "1-0"]
[WhiteElo "2422"]
[BlackElo "2176"]
[PlyCount "73"]
[EventDate "2018.07.16"]
[EventType "swiss"]
[EventRounds "9"]
[EventCountry "LTU"]
[SourceTitle "EXT 2019"]
[Source "ChessBase"]
[SourceDate "2018.10.10"]
[SourceVersion "1"]
[SourceVersionDate "2018.10.10"]
[SourceQuality "1"]

1. d4 g6 2. c4 Bg7 3. Nf3 d6 4. Nc3 e5 5. e4 Nc6 6. Bg5 f6 7. Be3 Bh6 8. Qd2 Bxe3 9. Qxe3 Bg4 10. d5 Nce7 11. c5 f5 12. Bb5+ Kf8 13. 0-0 f4 14. Qd3 Bxf3 15. cxd6 cxd6 16. Qxf3 Nf6 17. g3 g5 18. gxf4 gxf4 19. Kh1 a6 20. Be2 Qd7 21. Rg1 Kf7 22. Bf1 Ng6 23. Bh3 Qe7 24. Be6+ Kg7 25. Rg2 Nd7 26. Rag1 Ndf8 27. Qh5 Qf6 28. Bf5 Rg8 29. Nb1 Re8 30. Nd2 Re7 31. Nf3 Kh8 32. Ng5 f3 33. Rg3 Reg7 34. Qh6 Qe7 35. Ne6 Nxe6 36. Bxe6 Rf8 37. Rxg6 1-0

[Event "Plunge op-A 38th"]
[Site "Plateliai"]
[Date "2018.07.17"]
[Round "2"]
[White "Jonkus, Lukas"]
[Black "Malinin, Yuri"]
[Result "0-1"]
[WhiteElo "1841"]
[BlackElo "2176"]
[PlyCount "46"]
[EventDate "2018.07.16"]
[EventType "swiss"]
[EventRounds "9"]
[EventCountry "LTU"]
[SourceTitle "EXT 2019"]
[Source "ChessBase"]
[SourceDate "2018.10.10"]
[SourceVersion "1"]
[SourceVersionDate "2018.10.10"]
[SourceQuality "1"]

1. e4 c5 2. Nf3 d6 3. d4 cxd4 4. Nxd4 Nf6 5. Nc3 e6 6. Be2 a6 7. a4 Nbd7 8. Nb3 b6 9. 0-0 Bb7 10. f3 Be7 11. Qe1 0-0 12. Be3 Qc7 13. Rd1 Rfe8 14. Qf2 d5 15. Bd3 dxe4 16. Nxe4 Nd5 17. Bg5 f5 18. Bxe7 fxe4 19. fxe4 Nxe7 20. Bc4 Nf6 21. Bxe6+ Kh8 22. Qh4 Ng6 23. Qh3 Nf4 0-1

[Event "Plunge op-A 38th"]
[Site "Plateliai"]
[Date "2018.07.17"]
[Round "3"]
[White "Malinin, Yuri"]
[Black "Vicas, Marijus"]
[Result "1-0"]
[WhiteElo "2176"]
[BlackElo "2183"]
[PlyCount "77"]
[EventDate "2018.07.16"]
[EventType "swiss"]
[EventRounds "9"]
[EventCountry "LTU"]
[SourceTitle "EXT 2019"]
[Source "ChessBase"]
[SourceDate "2018.10.10"]
[SourceVersion "1"]
[SourceVersionDate "2018.10.10"]
[SourceQuality "1"]

1. Nf3 Nf6 2. c4 e6 3. Nc3 Bb4 4. g4 d5 5. g5 Ne4 6. Qa4+ Nc6 7. Nxe4 dxe4 8. Ne5 Bd7 9. Nxc6 Bxd2+ 10. Bxd2 Bxc6 11. Qb4 e3 12. Bxe3 Bxh1 13. f3 c6 14. Kf2 h6 15. gxh6 Qh4+ 16. Kg1 0-0-0 17. Qc5 g5 18. Kxh1 Rxh6 19. Bg1 Rdh8 20. Qd6 f5 21. Rd1 f4 22. Qd7+ Kb8 23. Qd6+ Kc8 24. Qd7+ Kb8 25. Qe7 g4 26. Qd6+ Kc8 27. Qd7+ Kb8 28. Qd6+ Kc8 29. Qxf4 g3 30. Qxh4 Rxh4 31. h3 Rxc4 32. Rd2 Rc1 33. Kg2 Kc7 34. Be3 Ra1 35. Bf4+ Kb6 36. a3 Rf8 37. e3 a5 38. Bc4 Re8 39. h4 1-0

[Event "Panevezys Elite op"]
[Site "Panevezys"]
[Date "2018.07.01"]
[Round "4"]
[White "Van Osch, Mees"]
[Black "Malinin, Yuri"]
[Result "1/2-1/2"]
[WhiteElo "2324"]
[BlackElo "2197"]
[PlyCount "122"]
[EventDate "2018.06.29"]
[EventType "swiss"]
[EventRounds "9"]
[EventCountry "LTU"]
[SourceTitle "CBM 185 Extra"]
[Source "ChessBase"]
[SourceDate "2018.07.29"]
[SourceVersion "1"]
[SourceVersionDate "2018.07.29"]
[SourceQuality "1"]

1. e4 g6 2. d4 Bg7 3. Nc3 d6 4. h4 Nf6 5. Be2 c5 6. dxc5 Qa5 7. Qd3 Nc6 8. cxd6 Nxe4 9. Qxe4 Bxc3+ 10. Kf1 Bf5 11. Qc4 Bg7 12. Nf3 exd6 13. h5 Rc8 14. hxg6 Bxg6 15. Bh6 Bxh6 16. Rxh6 0-0 17. Qh4 Qb4 18. Qxb4 Nxb4 19. c3 Nc6 20. Rd1 Rfd8 21. Nd4 Nxd4 22. Rxd4 Kg7 23. Rh3 Rc5 24. Re3 Kf8 25. f4 Rc7 26. g4 Bb1 27. a3 Re7 28. Kf2 Rxe3 29. Kxe3 f6 30. Rd1 Bg6 31. Bf3 b6 32. Kd4 Rc8 33. Rh1 Rc7 34. Rh2 Re7 35. Kd5 Re3 36. Rf2 Ke7 37. Re2 Rxe2 38. Bxe2 Be8 39. g5 fxg5 40. fxg5 Bg6 41. Bg4 Bd3 42. Kc6 Kf7 43. Kb7 Kg6 44. Kxa7 Kxg5 45. Bf3 b5 46. Kb6 h5 47. Bxh5 Kxh5 48. Kc6 Kg6 49. Kxd6 Kf7 50. b3 Ke8 51. Kc7 Ke7 52. a4 bxa4 53. bxa4 Ke6 54. Kc6 Be4+ 55. Kc5 Kd7 56. Kb6 Kd6 57. c4 Bf3 58. a5 Ba8 59. a6 Bc6 60. c5+ Kd7 61. Ka7 Ke8 1/2-1/2

[Event "Sochi ChessAmateur op"]
[Site "Sochi"]
[Date "2018.04.01"]
[Round "1"]
[White "Malinin, Yuri"]
[Black "Sotnikov, Alexander"]
[Result "1-0"]
[WhiteElo "2206"]
[BlackElo "1688"]
[PlyCount "95"]
[EventDate "2018.04.01"]
[EventType "swiss"]
[EventRounds "9"]
[EventCountry "RUS"]
[SourceTitle "CBM 184 Extra"]
[Source "ChessBase"]
[SourceDate "2018.06.28"]
[SourceVersion "1"]
[SourceVersionDate "2018.06.28"]
[SourceQuality "1"]

1. Nf3 Nf6 2. c4 e6 3. Nc3 d5 4. d4 c5 5. cxd5 exd5 6. Bg5 Nc6 7. Bxf6 Qxf6 8. Nxd5 Qd8 9. e4 cxd4 10. Bb5 a6 11. Ba4 Qa5+ 12. Nd2 Be6 13. 0-0 Bxd5 14. exd5 Qxd5 15. Re1+ Be7 16. Rc1 b5 17. Bb3 Qd6 18. Qf3 Rc8 19. Qxf7+ Kd8 20. Ne4 Qg6 21. Qd5+ Kc7 22. Nc5 Bxc5 23. Re6 Qxe6 24. Qxe6 Kb6 25. Qf5 Ne7 26. Qd3 Nc6 27. Be6 Rc7 28. a3 Re8 29. Bd5 Ne5 30. Qd2 d3 31. b4 Bd4 32. Rxc7 Kxc7 33. h3 Rf8 34. Kh2 Rxf2 35. Qg5 Kd6 36. Qd8+ Nd7 37. Qg8 Re2 38. Bf3 Re5 39. Qb3 Nf8 40. Qxd3 Ne6 41. Qc2 Ke7 42. Qc6 Kf6 43. Qxa6 h5 44. h4 g5 45. hxg5+ Kxg5 46. Qc8 Kh4 47. Qg8 Bf2 48. g3+ 1-0

[Event "Panevezys Gigant op-A"]
[Site "Panevezys"]
[Date "2017.08.23"]
[Round "7"]
[White "Janulynas, Jonas"]
[Black "Malinin, Yuri"]
[Result "0-1"]
[WhiteElo "1748"]
[BlackElo "2253"]
[PlyCount "55"]
[EventDate "2017.08.19"]
[EventType "swiss"]
[EventRounds "9"]
[EventCountry "LTU"]
[SourceTitle "EXT 2019"]
[Source "ChessBase"]
[SourceDate "2018.10.10"]
[SourceVersion "1"]
[SourceVersionDate "2018.10.10"]
[SourceQuality "1"]

1. e4 c5 2. Nf3 d6 3. d4 cxd4 4. Nxd4 Nf6 5. Nc3 e6 6. Bg5 h6 7. Bh4 a6 8. a4 Be7 9. Be2 Qc7 10. Qd3 Nbd7 11. f4 b6 12. Bf3 Bb7 13. Bg3 g5 14. e5 dxe5 15. Bxb7 Qxb7 16. fxe5 Nc5 17. Qf3 Qxf3 18. Nxf3 Nfe4 19. Ne2 f5 20. exf6 Nxg3 21. Nxg3 Bxf6 22. Ra2 Rf8 23. Ke2 Rc8 24. b4 Nb7 25. Ne4 Ke7 26. Nxf6 Rxf6 27. Ne5 Rf5 28. Nd3 0-1

[Event "Panevezys Gigant op-A"]
[Site "Panevezys"]
[Date "2017.08.20"]
[Round "3"]
[White "Boyajyan, David"]
[Black "Malinin, Yuri"]
[Result "0-1"]
[WhiteElo "1619"]
[BlackElo "2253"]
[PlyCount "42"]
[EventDate "2017.08.19"]
[EventType "swiss"]
[EventRounds "9"]
[EventCountry "LTU"]
[SourceTitle "EXT 2019"]
[Source "ChessBase"]
[SourceDate "2018.10.10"]
[SourceVersion "1"]
[SourceVersionDate "2018.10.10"]
[SourceQuality "1"]

1. d4 Nf6 2. c4 e6 3. Nc3 Bb4 4. f3 c5 5. a3 Bxc3+ 6. bxc3 d6 7. e4 Nc6 8. Be3 b6 9. Bd3 e5 10. d5 Na5 11. Qe2 Nh5 12. g4 Nf4 13. Bxf4 exf4 14. e5 0-0 15. 0-0-0 Re8 16. Qe4 f5 17. gxf5 Rxe5 18. Qxf4 Qf6 19. Kb2 Bxf5 20. Qd2 Bxd3 21. Qxd3 Re3 0-1

[Event "Panevezys Gigant op-A"]
[Site "Panevezys"]
[Date "2017.08.19"]
[Round "1"]
[White "Malinin, Yuri"]
[Black "Barsciauskas, Gintautas"]
[Result "1/2-1/2"]
[WhiteElo "2253"]
[BlackElo "1653"]
[PlyCount "122"]
[EventDate "2017.08.19"]
[EventType "swiss"]
[EventRounds "9"]
[EventCountry "LTU"]
[SourceTitle "EXT 2019"]
[Source "ChessBase"]
[SourceDate "2018.10.10"]
[SourceVersion "1"]
[SourceVersionDate "2018.10.10"]
[SourceQuality "1"]

1. Nf3 Nf6 2. c4 c5 3. Nc3 Nc6 4. g3 g6 5. Bg2 Bg7 6. 0-0 0-0 7. d4 cxd4 8. Nxd4 Nxd4 9. Qxd4 d6 10. Qh4 Rb8 11. Bg5 Re8 12. Rfd1 b6 13. Nb5 Qd7 14. Nxd6 exd6 15. Bxf6 Rxe2 16. Bxg7 Kxg7 17. Qd4+ Kg8 18. Re1 Rxe1+ 19. Rxe1 Bb7 20. Qf6 Bxg2 21. Re7 Qf5 22. Qxf5 gxf5 23. Kxg2 b5 24. cxb5 Rxb5 25. b3 a5 26. Rd7 Rd5 27. Kf3 Kg7 28. Ke3 Kf6 29. Rd8 Rd1 30. Ra8 Rd5 31. Rb8 f4+ 32. gxf4 Rc5 33. a4 Rc3+ 34. Ke4 Ke6 35. Rb5 f5+ 36. Rxf5 Rxb3 37. Rxa5 Rh3 38. Rd5 Rxh2 39. Rd2 Rh5 40. Ra2 Ra5 41. Kd4 Kf5 42. Kc4 h5 43. Kb4 Ra8 44. Rd2 Rb8+ 45. Kc4 Kxf4 46. Rxd6 Rh8 47. Rd3 h4 48. Rh3 Kg4 49. Rh2 Rc8+ 50. Kb5 Rc1 51. a5 Rb1+ 52. Kc6 Ra1 53. Kb6 Rb1+ 54. Ka7 h3 55. a6 Ra1 56. Kb7 Rb1+ 57. Ka8 Ra1 58. a7 Rb1 59. f4 Kg3 60. Rxh3+ Kxh3 61. f5 Rb6 1/2-1/2

[Event "Klaipeda Sea op-A 14th"]
[Site "Klaipeda"]
[Date "2017.07.26"]
[Round "3"]
[White "Malinin, Yuri"]
[Black "Juksta, Karolis"]
[Result "1-0"]
[WhiteElo "2254"]
[BlackElo "2090"]
[PlyCount "79"]
[EventDate "2017.07.24"]
[EventType "swiss"]
[EventRounds "7"]
[EventCountry "LTU"]
[SourceTitle "CBM 179 Extra"]
[Source "ChessBase"]
[SourceDate "2017.08.23"]
[SourceVersion "1"]
[SourceVersionDate "2017.08.23"]
[SourceQuality "1"]

1. d4 e6 2. c4 d5 3. Nc3 Nf6 4. Nf3 Be7 5. Bg5 0-0 6. e3 h6 7. Bh4 b6 8. Qc2 Bb7 9. cxd5 Nxd5 10. Bxe7 Qxe7 11. Be2 c6 12. 0-0 Nd7 13. Nxd5 exd5 14. Rac1 c5 15. Bb5 Rfc8 16. Bxd7 Qxd7 17. dxc5 bxc5 18. Ne5 Qd6 19. Nd3 c4 20. Nf4 d4 21. Qd2 g5 22. Nh5 Qg6 23. Ng3 d3 24. f4 g4 25. f5 Qg5 26. Rf4 h5 27. f6 h4 28. Nf5 Rc5 29. Rcf1 a5 30. Rxg4 Rxf5 31. Rxg5+ Rxg5 32. e4 Rg6 33. Rf4 Ra6 34. Qc3 h3 35. g3 Rg5 36. Qxc4 Rd6 37. Qc7 d2 38. Qxd6 Rd5 39. Rg4+ Kh7 40. Rg7+ 1-0

[Event "Plunge op 37th"]
[Site "Plateliai"]
[Date "2017.07.25"]
[Round "9"]
[White "Jablokov, Dmitrij"]
[Black "Malinin, Yuri"]
[Result "0-1"]
[WhiteElo "1933"]
[BlackElo "2254"]
[PlyCount "40"]
[EventDate "2017.07.17"]
[EventType "swiss"]
[EventRounds "9"]
[EventCountry "LTU"]
[SourceTitle "EXT 2019"]
[Source "ChessBase"]
[SourceDate "2018.10.10"]
[SourceVersion "1"]
[SourceVersionDate "2018.10.10"]
[SourceQuality "1"]

1. d4 g6 2. c4 Bg7 3. Nc3 d6 4. Nf3 Nf6 5. g3 0-0 6. Bg2 Nbd7 7. 0-0 c6 8. e4 e5 9. h3 a5 10. Be3 exd4 11. Nxd4 Re8 12. Qc2 Nc5 13. Rad1 Nfd7 14. f4 Qc7 15. Rfe1 a4 16. Qf2 Qa5 17. Nde2 a3 18. Rxd6 axb2 19. e5 Na4 20. Nxa4 Qxa4 0-1